01337nam a2200301 a 450000100100000000500170001000800410002704000250006808200200009310000460011324501050015926000380026430000350030250000210033750000630035850400280042159000260044965000620047565000510053765000370058865000320062565000440065770000410070191000380074295201170078095201230089799900150102000000387520200929150615.0090714s2001 dr 001 0 spa d aDO-SdBNPbspacBNPHU a343.0977bU15le1 aUbiera, Leonidas Radhamés,d1955-9939610aLegislación aeroportuaria dominicana /cLeonidas Radhamés Ubiera ; prólogo Hugo Molina Roland. aSanto Domingo :bCorripio,c2001. a353 p. :bil. retrs. ;c23 cm. aIncluye índice aIncluye datos biográficos del autor en la contracubierta aBibliografía : p. 353 aInventariado, 2018/VM 4aAeropuertosxLegislaciónzRepública Dominicana911695 4aDerecho aéreozRepública Dominicana911696 4aEspacio aéreo (derecho)911697 4aAviación comercial911698 4aReglamento del tráfico aéreo9116991 aMolina Roland, Hugo,epról.911700 aValidado. Control de calidad. MFF 0010718PDaPDbPDcHDd2009-07-14iLF1l0o343.0977 U15lep3875-10r2020-06-25w2020-06-25yLFPDZNo se presta 0010718PDaPDbPDcHDd2009-07-14iLF1l0o343.0977 U15lep3875-20r2020-06-25te. 2w2020-06-25yLFPDZNo se presta c3697d3697